Statistiques concernant Géographie de l'Empire allemand

Cliquez ici pour prendre le quiz!

Statistiques générales

  • Ce quiz a été pris 2 589 fois
    (2 515 depuis la dernière actualisation)
  • Le résultat moyen est 9 sur 20

Statistiques - réponses

QuestionRéponse% Correct
Quel était le plus grand et le plus peuplé des États allemands qui se sont unis ?Prusse
80%
Quel grand État catholique du sud de la de la Confédération a bénéficié d'une autonomie lui permettant de conserver son propre monarque jusqu'à la Première Guerre mondiale ?Bavière
79%
Quelle colonie allemande en Afrique centrale a été saisie par le Royaume-Uni et la France ?Kamerun
60%
Quel territoire a été créé en 1871, après avoir été annexé à la France, en conséquence
de la guerre franco-prussienne ?
Alsace-Lorraine
58%
Quel pays s'est emparé des possessions allemandes dans le Pacifique Nord après la Première Guerre mondiale ?Japon
58%
Pour quelle boisson cette ville est-elle aujourd'hui célèbre, grâce à son histoire coloniale allemande ?Bière
56%
Quels pays modernes faisaient partie de l'Afrique orientale allemande ?Tanzanie
55%
Dans quel pays moderne l’Empire allemand a-t-il commis le génocide des Héréros et des Namas ?Namibie
51%
Quels pays modernes faisaient partie de l'Afrique orientale allemande ?Rwanda
49%
Quels pays modernes faisaient partie de l'Afrique orientale allemande ?Burundi
46%
Sous quel autre nom l’Allemagne impériale était-elle connue ?Deuxième Reich
46%
Quel a été le seul État du sud de l’Allemagne à ne pas avoir rejoint la Confédération de l’Allemagne du Nord ?Autriche
43%
Quelle cité-État allemande semi-autonome a été créée dans la Pologne moderne après la Première Guerre mondiale ?Dantzig
40%
Quelle grande île du Pacifique était autrefois divisée entre l'Allemagne, les Pays-Bas et le Royaume-Uni ?Nouvelle-Guinée
32%
Quelle est la zone urbaine moderne la plus peuplée qui faisait autrefois entièrement partie de l'Empire allemand, aujourd'hui capitale économique d'un pays d'Afrique de l'Est ?Dar es Salam
28%
À quel pays l’Allemagne a-t-elle acheté la plupart de ses possessions dans le Pacifique Nord en 1899 ?Espagne
28%
Sous quel nom l’oblast russe moderne de Kaliningrad était-il connu pendant sa domination allemande ?Königsberg
26%
Quelle ville de Chine a été prise à la dynastie Qing en 1897 ?Tsingtao
26%
Quel canal, qui relie la mer Baltique à la mer du Nord, a été achevé en 1895 ?Canal de {Kiel}
20%
Quel était le nom du Togo sous la domination allemande ?Togoland
18%

Distribution des résultats

Percentile par nombre de réponses

% des personnes avec chaque résultat

Votre développement - résultats

Vous n’avez pas pris ce quiz depuis la dernière actualisation